000 00333 a2200145 4500
001 173853
020 _a
040 _cMagnum
100 _aSales, Flavia
240 1 0 _aOs sonhos e travessuras de afonsinho
_lpor
245 1 0 _aOs sonhos e travessuras de afonsinho
362 0 _a1899
697 _aIJ/FADAS, FANTASIA
942 _cBK
999 _c173853
_d173853